[Event "Chioggia op-B 06th"]
[Site "Chioggia"]
[Date "2011.10.07"]
[Round "1"]
[White "Bellemo, Anna"]
[Black "Fragni, Enrico"]
[Result "0-1"]
[WhiteElo "1425"]
[BlackElo "1720"]
[PlyCount "72"]
[EventDate "2011.10.07"]
[EventType "swiss"]
[EventRounds "5"]
[EventCountry "ITA"]
[SourceTitle "EXT 2022"]
[Source "ChessBase"]
[SourceDate "2021.10.06"]
[SourceVersion "1"]
[SourceVersionDate "2021.10.06"]
[SourceQuality "1"]

1. e4 c6 2. Nf3 d6 3. Nc3 e5 4. Bc4 Be7 5. 0-0 Nf6 6. h3 Nbd7 7. d3 h6 8. Re1 a5 9. Nh4 b5 10. Bb3 a4 11. Nxa4 bxa4 12. Bc4 d5 13. exd5 cxd5 14. Bb5 0-0 15. Bc6 Ra7 16. Qf3 Qc7 17. Bb5 Ra5 18. Bxd7 Nxd7 19. Nf5 Bf6 20. Qg3 Kh7 21. Rd1 Qxc2 22. Rd2 Qc5 23. b4 axb3 24. d4 exd4 25. Bb2 Rg8 26. Rd3 Rxa2 27. Rxb3 Rxa1+ 28. Bxa1 Qc1+ 29. Kh2 Qxa1 30. Qf3 Ne5 31. Qxd5 Bxf5 32. Qxd4 Qxd4 33. f3 Qd1 34. Rc3 Ng4+ 35. Kg3 Qe1+ 36. Kf4 Qe5# 0-1